Normal view
MARC view
- Kakkar, Kuldip
Entry Personal Name
001 - CONTROL NUMBER
- control field: 7331
003 - CONTROL NUMBER IDENTIFIER
- control field: OSt
005 - DATE AND TIME OF LATEST TRANSACTION
- control field: 20250325155300.0
008 - FIXED-LENGTH DATA ELEMENTS
- fixed length control field: 250325|| aca||aabn | a|a d
040 ## - CATALOGING SOURCE
- Original cataloging agency: OSt
- Transcribing agency: OSt
100 ## - HEADING--PERSONAL NAME
- Personal name: Kakkar, Kuldip
670 ## - SOURCE DATA FOUND
- Source citation: Work cat.: (OSt)5559: Sethi, G S . 1349, Workshop science / , 1982.
